Statistics for "Big" Things in Australia - Map Quiz

Click here to take the quiz!

General Stats

  • This quiz has been taken 12 times
  • The average score is 4 of 20

Answers on the Map

Answers color-coded by a green-red scale on the quiz's map according to % correct below.
 

Answer Stats

Answer% Correct
The Big Banana
45%
The Big Merino
45%
The Big Ned Kelly
45%
The Big Golden Guitar
36%
The Big Penguin
36%
The Big Prawn
36%
The Big Boxing Crocodile
27%
The Big Cassowary
27%
The Big Lobster
27%
The Big Mango
27%
The Big Pineapple
27%
The Big Galah
18%
The Big Lollipop
9%
The Big Potato
9%
The Big Rocking Horse
9%
The Big Bogan
0%
The Big Crab
0%
The Big Easel
0%
The Big Kookaburra
0%
The Big Pelican
0%

Score Distribution

Percentile by Number Answered

Percent of People with Each Score

Your Score History

You have not taken this quiz